Lord of the flies
Βασισμένη στο ομότιτλο βιβλίο του Γουίλιαμ Γκόλντινγκ, η ταινία δεν είναι απλά μια παιδική περιπέτεια μιας παρέας μαθητών που απομονώνονται σε ένα νησί... Χωρίς την επίβλεψη των γονιών τους, δημιουργούν μια δική τους μικρή κοινωνία, με τρομακτικές και έντονες συνέπειες. Χωρίς γονείς, χωρίς δασκάλους...
Saved in:
| Other Authors: | , , , , , , , , , , |
|---|---|
| Format: | |
| Language: | English Multiple |
| Published: |
[S.l.] :
MGM Home Entertainment,
c2003.
|
| Subjects: | |
| Tags: |
Add Tag
No Tags, Be the first to tag this record!
|
MARC
| LEADER | 00000cgm a2200000 i 4500 | ||
|---|---|---|---|
| 001 | 1/1107 | ||
| 008 | 090827s2003 xx ||| | || ||eng|| | ||
| 035 | |l 10105476 | ||
| 040 | |a GR-MyUa |b gre |e AACR2 | ||
| 041 | 0 | |a eng |j mul | |
| 082 | 7 | |a 791.437 |2 (22) | |
| 245 | 0 | 0 | |a Lord of the flies |h [μαγνητοσκόπηση] / |c directed by Harry Hook. |
| 260 | |a [S.l.] : |b MGM Home Entertainment, |c c2003. | ||
| 300 | |a 1 βιντεοδίσκος (86 λεπτ.) : |b ομίλ., έγχρ. ; |c 4 3/4 ίν. | ||
| 500 | |a Κυκλοφόρησε πρώτη φορά ως κινηματογραφική ταινία το 1990. | ||
| 508 | |a Βασισμένο στο μυθιστόρημα του Sir William Golding ; εκτέλεση παραγωγής, Lewis Allen, Peter Newman ; μουσική, Philippe Sarde ; φωτογραφία, Martin Fuhrer ; σχεδιασμός παραγωγής, Jamie Leonard ; μοντάζ, Tom Priestley ; σενάριο, Sara Schiff ; παραγωγή, Ross Milloy. | ||
| 511 | 0 | |a Balthazar Getty, Chris Furrh, Danuel Pipoly, Badget Dale, Andrew Taft, Edward Taft, Gary Rule, Terry Wells, Braden McDonald, Angus Burgin. | |
| 520 | 8 | |a Βασισμένη στο ομότιτλο βιβλίο του Γουίλιαμ Γκόλντινγκ, η ταινία δεν είναι απλά μια παιδική περιπέτεια μιας παρέας μαθητών που απομονώνονται σε ένα νησί... Χωρίς την επίβλεψη των γονιών τους, δημιουργούν μια δική τους μικρή κοινωνία, με τρομακτικές και έντονες συνέπειες. Χωρίς γονείς, χωρίς δασκάλους, χωρίς κανόνες, όλα μπορούν να συμβούν και τα όρια μεταξύ περιπέτειας και θρίλερ είναι πραγματικά δυσδιάκριτα. | |
| 521 | 8 | |a Ακατάλληλο κάτω των 15 ετών. | |
| 546 | |a Στα αγγλικά με υπότιτλους στα ελληνικά. | ||
| 650 | 0 | |a Boys |v Drama. | |
| 650 | 0 | |a Survival |v Drama. | |
| 655 | 7 | |a Feature films |2 lcgft | |
| 700 | 1 | |a Hook, Harry, |e drt | |
| 700 | 1 | |a Getty, Balthazar, |e act | |
| 700 | 1 | |a Furrh, Chris, |e act | |
| 700 | 1 | |a Pipoly, Danuel, |e act | |
| 700 | 1 | |a Dale, James Badge, |d 1978- |e act | |
| 700 | 1 | |a Taft, Andrew, |e act | |
| 700 | 1 | |a Taft, Edward, |e act | |
| 700 | 1 | |a Rule, Gary, |e act | |
| 700 | 1 | |a Wells, Terry, |e act | |
| 700 | 1 | |a MacDonald, Braden, |e act | |
| 700 | 1 | |a Burgin, Angus, |e act | |
| 852 | |a INST |b SYROS |c AV |e 20090827 |h 791.437 HOO |p 005500008240 |q 005500008240 |t DVD |y 23 | ||
| 901 | |a BIBL5-2008-1 | ||
| 922 | |a 5ΕΛΗ |b 200709 |c Βιβλιοθήκη Σύρου |d Anaco | ||
| 970 | |a Κοντού |b Παρασκευή |z 27/08/2009 | ||